[Event "FRA-chT Top 12"]
[Site "Brest"]
[Date "2019.05.24"]
[Round "7.7"]
[White "Ludwig, Remi"]
[Black "Le Roux, Jean Pierre"]
[Result "0-1"]
[WhiteElo "2312"]
[BlackElo "2539"]
[PlyCount "69"]
[EventDate "2019.05.18"]
[EventType "team-tourn"]
[EventRounds "11"]
[EventCountry "FRA"]
[SourceTitle "CBM 190 Extra"]
[Source "ChessBase"]
[SourceDate "2019.07.15"]
[SourceVersion "1"]
[SourceVersionDate "2019.07.15"]
[SourceQuality "1"]
[WhiteTeam "Cannes"]
[BlackTeam "Bischwiller"]
[WhiteTeamCountry "FRA"]
[BlackTeamCountry "FRA"]

1. d4 g6 2. c4 Bg7 3. e4 e6 4. Nc3 Ne7 5. Nf3 d5 6. e5 h6 7. Be2 b6 8. 0-0 0-0 9. cxd5 exd5 10. b4 Be6 11. a4 c5 12. bxc5 bxc5 13. Ba3 Nd7 14. Bb5 cxd4 15. Qxd4 Nf5 16. Qd3 Nxe5 17. Nxe5 Bxe5 18. Bxf8 Qxf8 19. Rac1 Qd6 20. Rfd1 Bxh2+ 21. Kh1 Bf4 22. Rc2 Rd8 23. Ne2 Be5 24. Rc6 Qb4 25. f4 Bg7 26. Rc7 a6 27. Rb1 Qd6 28. Rc6 Qe7 29. Rxa6 Nd6 30. Rf1 Bf5 31. Qf3 Ne4 32. Rc1 Bg4 33. Rd1 Qc5 34. Rc1 Qe7 35. Rf1 0-1

[Event "FRA-ch U20"]
[Site "Montlucon"]
[Date "2011.04.24"]
[Round "9"]
[White "Ludwig, Remi"]
[Black "Lambert, Romain"]
[Result "1-0"]
[WhiteElo "2253"]
[BlackElo "2054"]
[PlyCount "55"]
[EventDate "2011.04.17"]
[EventType "swiss"]
[EventRounds "9"]
[EventCountry "FRA"]
[SourceTitle "CBM 142 Extra"]
[Source "ChessBase"]
[SourceDate "2011.06.27"]
[SourceVersion "1"]
[SourceVersionDate "2011.06.27"]
[SourceQuality "1"]

1. d4 d5 2. c4 e6 3. Nc3 Nf6 4. cxd5 exd5 5. Bg5 c6 6. Qc2 Na6 7. a3 Nc7 8. e3 Be7 9. Bd3 Ne6 10. Bh4 g6 11. Nge2 Ng7 12. f3 Bf5 13. e4 dxe4 14. fxe4 Be6 15. h3 0-0 16. 0-0 Rc8 17. Qc1 Re8 18. e5 Nd5 19. Bxe7 Qxe7 20. Ne4 Bf5 21. N2c3 Qh4 22. Qd2 Nxc3 23. Nf6+ Kh8 24. bxc3 Re7 25. Rf4 Qg3 26. Rf3 Qh4 27. g3 Qxh3 28. Bf1 1-0

[Event "FRA-ch U20"]
[Site "Montlucon"]
[Date "2011.04.18"]
[Round "3"]
[White "Ludwig, Remi"]
[Black "Le Goff, Ronan"]
[Result "1/2-1/2"]
[WhiteElo "2253"]
[BlackElo "2055"]
[PlyCount "134"]
[EventDate "2011.04.17"]
[EventType "swiss"]
[EventRounds "9"]
[EventCountry "FRA"]
[SourceTitle "CBM 142 Extra"]
[Source "ChessBase"]
[SourceDate "2011.06.27"]
[SourceVersion "1"]
[SourceVersionDate "2011.06.27"]
[SourceQuality "1"]

1. d4 d5 2. c4 e6 3. Nc3 Nf6 4. cxd5 exd5 5. Bg5 Nbd7 6. e3 Be7 7. Bd3 0-0 8. Nge2 Re8 9. Qc2 Nf8 10. h3 c6 11. g4 Ne4 12. Bxe7 Qxe7 13. Bxe4 dxe4 14. Ng3 c5 15. d5 b5 16. Ncxe4 Bb7 17. 0-0-0 Rad8 18. d6 Qe5 19. f3 Nd7 20. Rhf1 Nb6 21. Qc3 Qxc3+ 22. bxc3 Nc4 23. Nxc5 Bc6 24. Nf5 Nxe3 25. Ne7+ Rxe7 26. dxe7 Rxd1+ 27. Rxd1 Nxd1 28. Kxd1 f6 29. Nb7 Bxf3+ 30. Kd2 Kf7 31. Nd6+ Kxe7 32. Nxb5 a5 33. Nd4 Bg2 34. h4 g6 35. g5 fxg5 36. hxg5 Kd6 37. Ke3 Bd5 38. a3 Ke5 39. a4 Bb7 40. c4 Kd6 41. Nb3 Bc6 42. Nxa5 Bxa4 43. Kf4 Bd7 44. Nb7+ Kc6 45. Nd8+ Kc5 46. Ke5 Kxc4 47. Kf6 Kd5 48. Kg7 Bf5 49. Kxh7 Kd6 50. Kg7 Be4 51. Kf6 Kd7 52. Nf7 Bc2 53. Ne5+ Ke8 54. Kg7 Bb1 55. Nxg6 Bc2 56. Kf6 Bb1 57. Kg7 Bc2 58. Nf4 Bb1 59. Nd5 Bc2 60. Ne3 Bb1 61. Kf6 Kf8 62. Nd5 Kg8 63. Ne7+ Kh7 64. Kf7 Bg6+ 65. Kf6 Bb1 66. Nf5 Kg8 67. g6 Bxf5 1/2-1/2

[Event "FRA-chT1 1011"]
[Site "France"]
[Date "2010.11.13"]
[Round "2.3"]
[White "Renaze, Luc"]
[Black "Ludwig, Remi"]
[Result "0-1"]
[WhiteElo "2295"]
[BlackElo "2243"]
[PlyCount "118"]
[EventDate "2010.10.17"]
[EventType "team-tourn"]
[EventRounds "11"]
[EventCountry "FRA"]
[SourceTitle "EXT 2012"]
[Source "ChessBase"]
[SourceDate "2011.11.24"]
[SourceVersion "1"]
[SourceVersionDate "2011.11.24"]
[SourceQuality "1"]

1. d4 Nf6 2. c4 c5 3. d5 e6 4. Nc3 exd5 5. cxd5 d6 6. Nf3 g6 7. Nd2 a6 8. a4 Nbd7 9. g3 Bg7 10. Bg2 0-0 11. 0-0 Rb8 12. Nc4 Nb6 13. Na3 Qe7 14. e4 Nh5 15. Re1 Nd7 16. f4 Re8 17. Be3 Qf8 18. Bf3 Nhf6 19. g4 h6 20. Rc1 Nh7 21. Rc2 g5 22. h4 gxf4 23. Bxf4 Ne5 24. Rg2 Qe7 25. Bg3 Bd7 26. Be2 Nf6 27. Bf4 Ng6 28. Bg3 Nxe4 29. Bf3 Nxc3 30. Rxe7 Nxd1 31. Rxd7 Bd4+ 32. Kh2 Ne3 33. Rg1 Bxb2 34. Nb1 Ne5 35. Bxe5 Bxe5+ 36. Kh3 Kf8 37. Re1 Nc2 38. Re4 Re7 39. Rxe7 Kxe7 40. Nd2 b5 41. axb5 axb5 42. Nb3 c4 43. Na5 Nb4 44. g5 hxg5 45. hxg5 Kf8 46. Kg4 Rc8 47. Kf5 Rc5 48. g6 fxg6+ 49. Ke6 Rc7 50. Rxe5 dxe5 51. d6 Ra7 52. Nb7 c3 53. d7 Ra8 54. Nc5 Rb8 55. Kd6 c2 56. Nb3 Rd8 57. Be4 g5 58. Nc1 g4 59. Kc5 Rxd7 0-1

[Event "FRA-ch U18"]
[Site "Troyes"]
[Date "2010.04.13"]
[Round "4"]
[White "Ludwig, Remi"]
[Black "Gertosio, Franck"]
[Result "1-0"]
[WhiteElo "2200"]
[BlackElo "2068"]
[PlyCount "47"]
[EventDate "2010.04.11"]
[EventType "swiss"]
[EventRounds "9"]
[EventCountry "FRA"]
[SourceTitle "EXT 2012"]
[Source "ChessBase"]
[SourceDate "2011.11.24"]
[SourceVersion "1"]
[SourceVersionDate "2011.11.24"]
[SourceQuality "1"]

1. d4 d6 2. e4 Nf6 3. Nc3 e5 4. Nf3 Nbd7 5. g4 exd4 6. Nxd4 Nc5 7. g5 Nfxe4 8. Qe2 Qe7 9. Nd5 Qe5 10. Nxc7+ Kd8 11. Nf3 Qf5 12. Nxa8 b6 13. Be3 Ba6 14. Qd1 Bb7 15. Bg2 Bxa8 16. Qe2 Be7 17. h4 f6 18. 0-0-0 Re8 19. Bh3 Nc3 20. Qc4 Qxf3 21. Qxc3 fxg5 22. hxg5 Qf7 23. Bxc5 Bxh1 24. Bxb6+ 1-0

[Event "FRA-ch U18"]
[Site "Troyes"]
[Date "2010.04.12"]
[Round "3"]
[White "Marcel, Valentin"]
[Black "Ludwig, Remi"]
[Result "0-1"]
[WhiteElo "2008"]
[BlackElo "2200"]
[PlyCount "66"]
[EventDate "2010.04.11"]
[EventType "swiss"]
[EventRounds "9"]
[EventCountry "FRA"]
[SourceTitle "EXT 2012"]
[Source "ChessBase"]
[SourceDate "2011.11.24"]
[SourceVersion "1"]
[SourceVersionDate "2011.11.24"]
[SourceQuality "1"]

1. f4 d5 2. Nf3 g6 3. g3 Bg7 4. Bg2 c5 5. d3 Nc6 6. Nc3 Nf6 7. 0-0 d4 8. Ne4 Nxe4 9. dxe4 0-0 10. e3 e5 11. Qe2 Qe7 12. exd4 Nxd4 13. Nxd4 cxd4 14. f5 Bd7 15. Rf2 Rfc8 16. Bd2 Rxc2 17. f6 Bxf6 18. Raf1 Rc6 19. a3 Be8 20. Bb4 Qd8 21. Qb5 b6 22. Qd5 Kg7 23. Rxf6 Qxd5 24. exd5 Rxf6 25. Re1 Rc8 26. Bh3 Rc2 27. Rxe5 Rc1+ 28. Kg2 Bb5 29. g4 Bf1+ 30. Kg3 Bxh3 31. Re8 g5 32. Kxh3 Rg1 33. Be1 Rh6+ 0-1

[Event "FRA-ch Accession"]
[Site "Belfort"]
[Date "2010.??.??"]
[Round "6"]
[White "Ludwig, Remi"]
[Black "Demuth, Adrien"]
[Result "1/2-1/2"]
[WhiteElo "2230"]
[BlackElo "2394"]
[PlyCount "46"]
[EventDate "2010.08.09"]
[EventType "swiss"]
[EventRounds "11"]
[EventCountry "FRA"]
[SourceTitle "CBM 138 Extra"]
[Source "ChessBase"]
[SourceDate "2010.10.29"]
[SourceVersion "1"]
[SourceVersionDate "2010.10.29"]
[SourceQuality "1"]

1. d4 Nf6 2. c4 g6 3. Nc3 d5 4. Bf4 Bg7 5. e3 0-0 6. Rc1 c5 7. dxc5 Be6 8. Nge2 Nc6 9. cxd5 Bxd5 10. Bg5 Bc4 11. Qxd8 Rfxd8 12. Nf4 Bxf1 13. Rxf1 Nd7 14. Nd3 Nde5 15. Nxe5 Nxe5 16. Bxe7 Nd3+ 17. Ke2 Nxc1+ 18. Rxc1 Rd7 19. Bd6 f5 20. b4 Kf7 21. Nb5 a5 22. a3 axb4 23. axb4 Ra2+ 1/2-1/2

[Event "FRA-chT1 0910"]
[Site "France"]
[Date "2009.12.12"]
[Round "6.2"]
[White "Ludwig, Remi"]
[Black "Hunt, Adam"]
[Result "0-1"]
[WhiteElo "2205"]
[BlackElo "2427"]
[PlyCount "69"]
[EventDate "2009.09.27"]
[EventType "team-tourn"]
[EventRounds "11"]
[EventCountry "FRA"]
[SourceTitle "EXT 2011"]
[Source "ChessBase"]
[SourceDate "2010.11.26"]
[SourceVersion "1"]
[SourceVersionDate "2010.11.26"]
[SourceQuality "1"]

1. d4 Nf6 2. c4 g6 3. Nc3 d5 4. Bf4 Bg7 5. e3 0-0 6. Rc1 dxc4 7. Bxc4 c5 8. dxc5 Qa5 9. Nge2 Qxc5 10. Qb3 Nc6 11. Nb5 Qh5 12. Ng3 Qh4 13. Nc7 e5 14. Bxe5 Nxe5 15. Nxa8 b6 16. Nc7 Bb7 17. f3 Rc8 18. Qa4 Qh6 19. Be2 Bf8 20. Qf4 Qxf4 21. exf4 Ned7 22. Kd1 Nc5 23. Nb5 Nd5 24. Nf1 Nxf4 25. Nc3 Nxg2 26. Kc2 Nf4 27. Ng3 h5 28. h4 Bh6 29. Rce1 Na4 30. Nge4 Nxc3 31. bxc3 Bg7 32. Bd1 Ba6 33. Rhg1 f5 34. Nd6 Rxc3+ 35. Kd2 0-1

[Event "FRA-ch U18"]
[Site "Aix les Bains"]
[Date "2009.04.26"]
[Round "9"]
[White "Ludwig, Remi"]
[Black "Demuth, Adrien"]
[Result "1/2-1/2"]
[WhiteElo "2202"]
[BlackElo "2330"]
[PlyCount "93"]
[EventDate "2009.04.19"]
[EventType "swiss"]
[EventRounds "9"]
[EventCountry "FRA"]
[SourceTitle "CBM 130 Extra"]
[Source "ChessBase"]
[SourceDate "2009.07.02"]
[SourceVersion "2"]
[SourceVersionDate "2009.07.15"]
[SourceQuality "1"]

1. d4 Nf6 2. c4 g6 3. Nc3 Bg7 4. e4 d6 5. Nf3 0-0 6. Be2 e5 7. 0-0 Nbd7 8. Re1 c6 9. Bf1 a5 10. Rb1 Re8 11. b3 exd4 12. Nxd4 Ng4 13. h3 Nxf2 14. Kxf2 Qf6+ 15. Nf3 Qxc3 16. Ba3 Qf6 17. Qxd6 Ne5 18. Qxf6 Bxf6 19. Bd6 Nxf3 20. Kxf3 Bc3 21. Red1 Bb4 22. c5 Be6 23. Bc4 Bc3 24. Rbc1 Bf6 25. Re1 Kg7 26. Bxe6 Rxe6 27. e5 Bg5 28. Rc4 Rae8 29. Ree4 Bd2 30. Ke2 Bb4 31. Kd3 Ba3 32. Kc2 f6 33. Ra4 Bb4 34. a3 f5 35. Rexb4 axb4 36. Rxb4 R6e7 37. Bxe7 Rxe7 38. Kd3 Kf7 39. Rd4 Ke8 40. Rh4 h5 41. g4 fxg4 42. hxg4 Rxe5 43. gxh5 gxh5 44. b4 Kd7 45. Kc4 Rg5 46. Rd4+ Kc7 47. a4 1/2-1/2

[Event "FRA-ch U18"]
[Site "Aix les Bains"]
[Date "2009.04.22"]
[Round "3"]
[White "Ludwig, Remi"]
[Black "Mahiouz, Oualid"]
[Result "1-0"]
[WhiteElo "2202"]
[BlackElo "1989"]
[PlyCount "65"]
[EventDate "2009.04.19"]
[EventType "swiss"]
[EventRounds "9"]
[EventCountry "FRA"]
[SourceTitle "CBM 130 Extra"]
[Source "ChessBase"]
[SourceDate "2009.07.02"]
[SourceVersion "2"]
[SourceVersionDate "2009.07.15"]
[SourceQuality "1"]

1. d4 Nf6 2. c4 e6 3. Nf3 c5 4. d5 exd5 5. cxd5 d6 6. Nc3 g6 7. Qa4+ Bd7 8. Qb3 Qc7 9. e4 Bg7 10. Bc4 0-0 11. 0-0 a6 12. a4 Bg4 13. Nd2 g5 14. e5 dxe5 15. Nde4 h6 16. h4 Nxe4 17. Nxe4 gxh4 18. Bxh6 Bxh6 19. Nf6+ Kg7 20. Nxg4 Bg5 21. Rad1 Nd7 22. Qc3 f6 23. d6 Qd8 24. Be6 Qe8 25. Bf5 h3 26. gxh3 Nb8 27. f4 exf4 28. Rfe1 Qh5 29. Re7+ Rf7 30. Re8 Rf8 31. Rxf8 Kxf8 32. Qb3 f3 33. Qxb7 1-0

[Event "Mont de Marsan op"]
[Site "Mont de Marsan"]
[Date "2008.12.26"]
[Round "2"]
[White "Bacon, Nicolas"]
[Black "Ludwig, Remi"]
[Result "1-0"]
[WhiteElo "2222"]
[BlackElo "2208"]
[PlyCount "85"]
[EventDate "2008.10.27"]
[EventType "swiss"]
[EventRounds "7"]
[EventCountry "FRA"]
[SourceTitle "EXT 2010"]
[Source "ChessBase"]
[SourceDate "2010.11.25"]
[SourceVersion "1"]
[SourceVersionDate "2010.11.25"]
[SourceQuality "1"]

1. e4 e6 2. d4 d5 3. Nd2 Be7 4. Ngf3 Nf6 5. e5 Nfd7 6. Bd3 c5 7. c3 Nc6 8. 0-0 g5 9. dxc5 g4 10. Nd4 Ndxe5 11. Bb5 Bd7 12. N2b3 h5 13. Bf4 Ng6 14. Bd6 e5 15. Nc2 Be6 16. Nb4 Bxd6 17. Nxc6 bxc6 18. Bxc6+ Kf8 19. Bxa8 Bb8 20. c6 Qd6 21. Qd2 h4 22. Rad1 a5 23. c7 Qxc7 24. Bxd5 e4 25. g3 hxg3 26. fxg3 Ba7+ 27. Kg2 e3 28. Qe2 Nh4+ 29. gxh4 Rxh4 30. Rh1 Bb8 31. Kg1 g3 32. h3 Qe5 33. Bxe6 g2 34. Qxg2 e2 35. Rd8+ Ke7 36. Rd7+ Kxe6 37. Qc6+ Kf5 38. Rxf7+ Kg5 39. Kf2 Ba7+ 40. Rxa7 e1Q+ 41. Rxe1 Qf4+ 42. Kg1 Rxh3 43. Rxa5+ 1-0

[Event "Mont de Marsan op"]
[Site "Mont de Marsan"]
[Date "2008.12.26"]
[Round "1"]
[White "Ludwig, Remi"]
[Black "Torres, Patrice"]
[Result "1/2-1/2"]
[WhiteElo "2208"]
[BlackElo "2047"]
[PlyCount "128"]
[EventDate "2008.10.27"]
[EventType "swiss"]
[EventRounds "7"]
[EventCountry "FRA"]
[SourceTitle "EXT 2010"]
[Source "ChessBase"]
[SourceDate "2010.11.25"]
[SourceVersion "1"]
[SourceVersionDate "2010.11.25"]
[SourceQuality "1"]

1. d4 d5 2. c4 c6 3. Nc3 Nf6 4. e3 e6 5. Nf3 Nbd7 6. Bd3 dxc4 7. Bxc4 b5 8. Bd3 Bb7 9. 0-0 b4 10. Ne4 c5 11. dxc5 Bxc5 12. Nxc5 Nxc5 13. Bb5+ Ke7 14. Nd4 Qb6 15. Qe2 Nfe4 16. a4 a5 17. Rd1 Rad8 18. f3 Nd6 19. e4 Nxb5 20. Qxb5 Qxb5 21. axb5 Nb3 22. Bg5+ f6 23. Nxb3 fxg5 24. Nc5 Ba8 25. Rxd8 Rxd8 26. Rxa5 Kd6 27. Na6 Bb7 28. e5+ Kxe5 29. Nc5 Bd5 30. b6 Kd4 31. Na6 Bb7 32. Nxb4 Kc4 33. Ra7 Rd7 34. Na2 Kb5 35. Nc3+ Kxb6 36. Ra4 Bd5 37. Kf2 Kc5 38. Rg4 h6 39. b4+ Kd6 40. Ke3 Ke5 41. b5 Kd6 42. Rb4 Kc5 43. Rb2 Ra7 44. b6 Rb7 45. Na4+ Kc6 46. Kd4 Kd6 47. Kc3 h5 48. Kb4 Rb8 49. Rc2 Bc6 50. Rd2+ Ke7 51. Rb2 h4 52. Ka3 Kd6 53. Rb4 h3 54. gxh3 Bxf3 55. Rd4+ Ke5 56. Rd7 Bc6 57. Rxg7 Kf6 58. Ra7 Bxa4 59. Rxa4 Rxb6 60. h4 gxh4 61. Rxh4 Kg5 62. Rb4 Rxb4 63. Kxb4 Kg4 64. Kc4 e5 1/2-1/2

[Event "FRA-chT1A 0809"]
[Site "France"]
[Date "2008.12.13"]
[Round "4.5"]
[White "Sorbe, Stephane"]
[Black "Ludwig, Remi"]
[Result "1-0"]
[WhiteElo "2314"]
[BlackElo "2208"]
[PlyCount "47"]
[EventDate "2008.10.19"]
[EventType "team-tourn"]
[EventRounds "11"]
[EventCountry "FRA"]
[SourceTitle "EXT 2010"]
[Source "ChessBase"]
[SourceDate "2010.11.25"]
[SourceVersion "1"]
[SourceVersionDate "2010.11.25"]
[SourceQuality "1"]
[WhiteTeam "Clichy II"]
[BlackTeam "Cannes II"]
[WhiteTeamCountry "FRA"]
[BlackTeamCountry "FRA"]

1. e4 c5 2. Nc3 a6 3. g3 b5 4. Bg2 Bb7 5. d3 e6 6. f4 d5 7. Qe2 d4 8. Nd1 Qb6 9. Nf3 Nc6 10. 0-0 Nf6 11. Nf2 Be7 12. a4 Rc8 13. g4 Nd7 14. e5 Nb4 15. axb5 axb5 16. c3 Nd5 17. Bd2 Nf8 18. c4 bxc4 19. dxc4 Ba6 20. f5 h5 21. f6 gxf6 22. exf6 Nxf6 23. g5 Ne4 24. Ne5 1-0

[Event "Creon op 13th"]
[Site "Creon"]
[Date "2008.08.01"]
[Round "7"]
[White "Ludwig, Remi"]
[Black "Lejarre, Ludovic"]
[Result "1-0"]
[WhiteElo "2175"]
[BlackElo "2409"]
[PlyCount "87"]
[EventDate "2008.07.28"]
[EventType "swiss"]
[EventRounds "9"]
[EventCountry "FRA"]
[SourceTitle "CBM 125 Extra"]
[Source "ChessBase"]
[SourceDate "2008.09.01"]
[SourceVersion "1"]
[SourceVersionDate "2008.09.01"]
[SourceQuality "1"]

1. d4 Nf6 2. c4 g6 3. Nc3 Bg7 4. e4 d6 5. Be2 0-0 6. Nf3 Na6 7. 0-0 e5 8. Re1 c6 9. Bf1 Bg4 10. d5 Ne8 11. h3 Bd7 12. c5 cxd5 13. Bxa6 bxa6 14. Bg5 f6 15. Qxd5+ Rf7 16. Be3 dxc5 17. Rad1 Qc8 18. Qxc5 Bf8 19. Qxc8 Rxc8 20. Re2 Be6 21. Red2 Kg7 22. Rd8 Rfc7 23. Rxc8 Bxc8 24. Rd8 Nd6 25. Nd5 Rf7 26. Nd2 Be6 27. Nc3 Nb5 28. a4 Nxc3 29. bxc3 Ba3 30. Nb1 Bf8 31. Ra8 Bb3 32. a5 Bc2 33. Nd2 Ba3 34. Bxa7 Rc7 35. Be3 Bd3 36. c4 Rc6 37. Ra7+ Kg8 38. Bh6 Bb4 39. Rg7+ Kh8 40. Ra7 Kg8 41. Rg7+ Kh8 42. Rb7 Bd6 43. Rd7 Kg8 44. c5 1-0

[Event "Creon op 13th"]
[Site "Creon"]
[Date "2008.07.31"]
[Round "6"]
[White "Hedjazian, Kayhan"]
[Black "Ludwig, Remi"]
[Result "0-1"]
[WhiteElo "2087"]
[BlackElo "2175"]
[PlyCount "54"]
[EventDate "2008.07.28"]
[EventType "swiss"]
[EventRounds "9"]
[EventCountry "FRA"]
[SourceTitle "CBM 125 Extra"]
[Source "ChessBase"]
[SourceDate "2008.09.01"]
[SourceVersion "1"]
[SourceVersionDate "2008.09.01"]
[SourceQuality "1"]

1. d4 Nf6 2. c4 c5 3. d5 b5 4. cxb5 a6 5. bxa6 Bxa6 6. Nc3 g6 7. f4 d6 8. Nf3 Bg7 9. e4 Bxf1 10. Rxf1 Nbd7 11. e5 dxe5 12. fxe5 Ng4 13. e6 Nde5 14. exf7+ Nxf7 15. Ng5 Nxg5 16. Qxg4 Nf7 17. Qe6 0-0 18. Ne4 Qa5+ 19. Bd2 Qb5 20. Kf2 Bd4+ 21. Kg3 Be5+ 22. Kh3 Qd3+ 23. Rf3 Qxe4 24. Re1 Qc2 25. Ref1 Qxd2 26. Rxf7 Qh6+ 27. Kg4 Qh5# 0-1

[Event "FRA-ch U16"]
[Site "La Roche sur Yon"]
[Date "2008.04.23"]
[Round "5"]
[White "Samoun, Florent"]
[Black "Ludwig, Remi"]
[Result "1-0"]
[WhiteElo "1987"]
[BlackElo "2136"]
[PlyCount "133"]
[EventDate "2008.04.21"]
[EventType "swiss"]
[EventRounds "9"]
[EventCountry "FRA"]
[SourceTitle "EXT 2010"]
[Source "ChessBase"]
[SourceDate "2010.11.25"]
[SourceVersion "1"]
[SourceVersionDate "2010.11.25"]
[SourceQuality "1"]

1. e4 c5 2. Nc3 a6 3. g3 b5 4. Bg2 Bb7 5. d3 e6 6. f4 d5 7. e5 Qb6 8. Nf3 g6 9. 0-0 Nc6 10. Ne2 h5 11. Be3 Nh6 12. d4 Ng4 13. Bf2 cxd4 14. Nexd4 Bc5 15. c3 h4 16. gxh4 Nxf2 17. Rxf2 Be7 18. Qd2 Bxh4 19. Nxh4 Rxh4 20. Nxc6 Qxc6 21. Rd1 Qc7 22. Qe3 0-0-0 23. Rd4 Rdh8 24. h3 R8h5 25. Kh2 Kb8 26. b3 Rh8 27. Rfd2 Qb6 28. c4 bxc4 29. bxc4 Ka7 30. cxd5 exd5 31. Qa3 Qe6 32. R2d3 g5 33. Qc5+ Qb6 34. Qxb6+ Kxb6 35. fxg5 R4h5 36. Bxd5 Bxd5 37. Rxd5 Rxg5 38. Rf3 Rc8 39. Rf6+ Rc6 40. Rxc6+ Kxc6 41. Rd6+ Kb5 42. e6 fxe6 43. Rxe6 Rd5 44. Re2 Rd3 45. h4 a5 46. Kg2 Kc4 47. h5 Rd5 48. h6 Rh5 49. Re6 Kb4 50. Kg3 Ka3 51. Kg4 Rh2 52. Ra6 a4 53. Kg5 Rxa2 54. h7 Rh2 55. Rh6 Rg2+ 56. Kh5 Rh2+ 57. Kg6 Rg2+ 58. Kf7 Rf2+ 59. Ke7 Re2+ 60. Kd7 Rd2+ 61. Kc7 Rc2+ 62. Kb7 Ka2 63. h8Q a3 64. Rh3 Rb2+ 65. Kc6 Rc2+ 66. Kb5 Rb2+ 67. Ka4 1-0

[Event "FRA-chT1B 0708"]
[Site "France"]
[Date "2008.02.09"]
[Round "6.6"]
[White "Ludwig, Remi"]
[Black "Marzolf, Bruno"]
[Result "0-1"]
[WhiteElo "2092"]
[BlackElo "2252"]
[PlyCount "76"]
[EventDate "2007.10.21"]
[EventType "team"]
[EventRounds "11"]
[EventCountry "FRA"]
[SourceTitle "EXT 2009"]
[Source "ChessBase"]
[SourceDate "2008.11.26"]
[SourceVersion "1"]
[SourceVersionDate "2008.11.26"]
[SourceQuality "1"]
[WhiteTeam "Cannes II"]
[BlackTeam "Gambsheim"]
[WhiteTeamCountry "FRA"]
[BlackTeamCountry "FRA"]

1. d4 d5 2. c4 e6 3. Nc3 Be7 4. Nf3 Nf6 5. Bg5 h6 6. Bh4 0-0 7. e3 b6 8. cxd5 Nxd5 9. Bxe7 Qxe7 10. Nxd5 exd5 11. Bd3 Be6 12. 0-0 Nd7 13. Rc1 c5 14. dxc5 bxc5 15. b3 Nf6 16. h3 Rfc8 17. Qe2 a5 18. Bb5 Qb7 19. Rfd1 Ne4 20. Rc2 Nd6 21. Ba4 Bf5 22. Rcc1 Ne4 23. Bb5 Nf6 24. Ne5 Qe7 25. Qb2 Rc7 26. Rd2 Qe6 27. Nd3 Rac8 28. Nf4 Qb6 29. a4 Be4 30. f3 c4 31. Rd4 g5 32. fxe4 gxf4 33. bxc4 Rxc4 34. Rcxc4 Rxc4 35. exd5 fxe3 36. Rxc4 e2+ 37. Kh2 e1Q 38. Rc8+ Kg7 0-1

[Event "FRA-ch U16"]
[Site "Le Grand Bornand"]
[Date "2007.12.04"]
[Round "9"]
[White "Buscara, Sevan"]
[Black "Ludwig, Remi"]
[Result "1-0"]
[WhiteElo "2022"]
[BlackElo "2097"]
[PlyCount "88"]
[EventDate "2007.04.07"]
[EventType "swiss"]
[EventRounds "9"]
[EventCountry "FRA"]
[SourceTitle "CBM 118 Extra"]
[Source "ChessBase"]
[SourceDate "2007.07.04"]
[SourceVersion "1"]
[SourceVersionDate "2007.07.04"]
[SourceQuality "1"]

1. d4 c5 2. c3 e6 3. Nf3 Nc6 4. e4 d5 5. exd5 Qxd5 6. Be2 Nf6 7. 0-0 Be7 8. h3 cxd4 9. cxd4 0-0 10. Nc3 Qa5 11. Bf4 Rd8 12. Qb3 Nxd4 13. Nxd4 Rxd4 14. Be3 Rd8 15. Bf3 e5 16. Rfd1 Rb8 17. Rxd8+ Bxd8 18. Rd1 Be6 19. Qb5 a6 20. Qe2 Be7 21. Ba7 Rc8 22. Qe3 Qb4 23. Qxe5 Qxb2 24. Bd4 Qc2 25. Be4 Qb2 26. Nd5 Qa3 27. Bb2 Qc5 28. Rc1 Qxc1+ 29. Bxc1 Rxc1+ 30. Kh2 Nxd5 31. Bxd5 Bxd5 32. Qxe7 Rc8 33. Qd7 Be6 34. Qxb7 f6 35. Qxa6 Rc2 36. a4 Rxf2 37. Qa8+ Kf7 38. a5 Rd2 39. Qc6 Kf8 40. a6 Ra2 41. Qb6 Rd2 42. a7 Bd5 43. Qb8+ Ke7 44. Qe5+ Kf7 1-0

[Event "Creon op 12th"]
[Site "Creon"]
[Date "2007.08.05"]
[Round "9"]
[White "Mullon, Jean Baptiste"]
[Black "Ludwig, Remi"]
[Result "1-0"]
[WhiteElo "2333"]
[BlackElo "2067"]
[PlyCount "79"]
[EventDate "2007.07.30"]
[EventType "swiss"]
[EventRounds "9"]
[EventCountry "FRA"]
[SourceTitle "CBM 119 Extra"]
[Source "ChessBase"]
[SourceDate "2007.09.04"]
[SourceVersion "1"]
[SourceVersionDate "2007.09.04"]
[SourceQuality "1"]

1. e4 e6 2. d4 d5 3. Nd2 Nf6 4. e5 Nfd7 5. Bd3 c5 6. c3 Nc6 7. Ngf3 Qb6 8. 0-0 cxd4 9. cxd4 Nxd4 10. Nxd4 Qxd4 11. Nf3 Qb6 12. Qa4 Qb4 13. Qc2 Nc5 14. Bd2 Qb6 15. Be3 Qb4 16. Bxh7 Bd7 17. Nd4 Rc8 18. a3 Qc4 19. Qb1 Nb3 20. Bd3 Qa4 21. Nxb3 Qxb3 22. Bd4 Qa4 23. Bc3 Qh4 24. h3 d4 25. Bd2 Bc6 26. f3 Be7 27. Qe1 Qh5 28. Rc1 Rd8 29. Be4 Bb5 30. Rc7 Bxf1 31. Kxf1 Rd7 32. Rxd7 Kxd7 33. Bxb7 f6 34. Qe4 Ke8 35. exf6 gxf6 36. Ba6 Kf7 37. Bc4 Qe5 38. Qd3 Rc8 39. Qh7+ Ke8 40. f4 1-0

[Event "Creon op 12th"]
[Site "Creon"]
[Date "2007.07.31"]
[Round "2"]
[White "Ludwig, Remi"]
[Black "Delorme, Axel"]
[Result "1/2-1/2"]
[WhiteElo "2067"]
[BlackElo "2317"]
[PlyCount "66"]
[EventDate "2007.07.30"]
[EventType "swiss"]
[EventRounds "9"]
[EventCountry "FRA"]
[SourceTitle "CBM 119 Extra"]
[Source "ChessBase"]
[SourceDate "2007.09.04"]
[SourceVersion "1"]
[SourceVersionDate "2007.09.04"]
[SourceQuality "1"]

1. d4 d5 2. c4 c6 3. Nc3 Nf6 4. e3 a6 5. Nf3 b5 6. c5 g6 7. Bd3 Bg7 8. Ne5 0-0 9. f4 Bf5 10. g4 Bxd3 11. Nxd3 a5 12. Qf3 b4 13. Ne2 Qc8 14. g5 Ne4 15. h4 Qf5 16. Nf2 Nxf2 17. Qxf2 Nd7 18. Ng3 Qg4 19. Qg2 e5 20. fxe5 Nxe5 21. Qh3 Qxh3 22. Rxh3 Nc4 23. b3 Na3 24. Kd2 Nb5 25. a4 bxa3 26. Bxa3 a4 27. b4 Rfb8 28. Ne2 Nxa3 29. Rxa3 Rxb4 30. Nc3 h6 31. Rh1 hxg5 32. hxg5 Bf8 33. Raa1 Be7 1/2-1/2

[Event "Creon op 12th"]
[Site "Creon"]
[Date "2007.07.31"]
[Round "3"]
[White "Sandu, Mihaela"]
[Black "Ludwig, Remi"]
[Result "1/2-1/2"]
[WhiteElo "2271"]
[BlackElo "2067"]
[PlyCount "80"]
[EventDate "2007.07.30"]
[EventType "swiss"]
[EventRounds "9"]
[EventCountry "FRA"]
[SourceTitle "CBM 119 Extra"]
[Source "ChessBase"]
[SourceDate "2007.09.04"]
[SourceVersion "1"]
[SourceVersionDate "2007.09.04"]
[SourceQuality "1"]

1. e4 e6 2. d4 d5 3. Nc3 Bb4 4. e5 c5 5. Bd2 Ne7 6. Nb5 Bxd2+ 7. Qxd2 0-0 8. f4 cxd4 9. Nf3 Nbc6 10. Bd3 Qb6 11. 0-0-0 Bd7 12. g4 Nxe5 13. Nxe5 Bxb5 14. h4 Rfc8 15. h5 Bxd3 16. Qxd3 Nc6 17. Nxc6 Qxc6 18. h6 g6 19. Rh2 Qc4 20. Qxd4 Qxd4 21. Rxd4 Rc5 22. Kd2 f6 23. Re2 Re8 24. g5 Kf7 25. b3 b5 26. a4 Rec8 27. axb5 Rxc2+ 28. Ke1 Rxe2+ 29. Kxe2 fxg5 30. fxg5 Ke7 31. Ra4 Rc7 32. Ra6 e5 33. b6 axb6 34. Rxb6 Rc3 35. Rb7+ Ke6 36. Rxh7 Rxb3 37. Rh8 Rh3 38. h7 Kf7 39. Rd8 Rxh7 40. Rd7+ Kg8 1/2-1/2